000 00359nam a22001337a 4500
005 20251210144939.0
020 _a9789388818544
082 _25th.
_a530.12
100 _aThankappan, V. K.
_96083
245 _aQuantum Mechanics/
_cThankappan, V. K.
260 _aNew Delhi:
_bNew Age International (P) Limited,
_c2022.
300 _axv, 560p.
942 _2ddc
_cBK
999 _c754116
_d754116